000 00509nam a22001937a 4500
005 20250305001039.0
008 250305b |||||||| |||| 00| 0 eng d
020 _a9558123048
082 _222
_a812
_bHEN
100 _aIbsen, Henrik
245 _aBonniki Gethara
260 _aNugegoda
_bVikavi Publication
_c2000
300 _aX, 148 p .,
650 _aGranda Namaiya
650 _aVijayasiriwardhane, Sunil pari
650 _aScantinavion Drama
700 _aVijayasiriwardane, Sunil
_eedt
942 _cL
999 _c5988
_d5988